The Oxford history of Islam /
| Altri autori: | |
|---|---|
| Natura: | Libro |
| Pubblicazione: |
New York, N.Y. :
Oxford University Press,
1999.
|
| Soggetti: | |
| Accesso online: | Publisher description Table of contents only Contributor biographical information |
| Classic Catalogue: | View this record in Classic Catalogue |
| LEADER | 01315nam a2200313 a 4500 | ||
|---|---|---|---|
| 001 | 31517 | ||
| 003 | BD-DhAAL | ||
| 005 | 20170125145352.0 | ||
| 008 | 1701256s1999 nyuab b 001 0 eng | ||
| 010 | |a 99013219 | ||
| 020 | |a 0195107993 (alk. paper) | ||
| 040 | |a DLC |c DLC |d DLC |d BD-DhAAL | ||
| 050 | 0 | 0 | |a BP50 |b .O95 1999 |
| 082 | 0 | 0 | |a 297.09 |2 21 |
| 245 | 0 | 4 | |a The Oxford history of Islam / |c edited by John Esposito. |
| 246 | 3 | 0 | |a History of Islam |
| 260 | |a New York, N.Y. : |b Oxford University Press, |c 1999. | ||
| 300 | |a xii, 749 p. : |b ill. (some col.), col. maps ; |c 26 cm. | ||
| 504 | |a Includes bibliographical references (p. 697-707) and index. | ||
| 526 | |a ESS | ||
| 541 | |e 31517 | ||
| 650 | 0 | |a Islam |x History. |9 20950 | |
| 700 | 1 | |a Esposito, John L. |9 20951 | |
| 856 | 4 | 2 | |3 Publisher description |u http://www.loc.gov/catdir/enhancements/fy0605/99013219-d.html |
| 856 | 4 | 1 | |3 Table of contents only |u http://www.loc.gov/catdir/enhancements/fy0605/99013219-t.html |
| 856 | 4 | 2 | |3 Contributor biographical information |u http://www.loc.gov/catdir/enhancements/fy0725/99013219-b.html |
| 942 | |2 ddc |c BK | ||
| 999 | |c 37873 |d 37873 | ||
| 952 | |0 0 |1 0 |2 ddc |4 0 |6 297_090000000000000_OXF |7 0 |9 59919 |a BRACUL |b BRACUL |c GEN |d 2016-11-29 |e Trim Education |g 7402.00 |l 0 |o 297.09 OXF |p 3010031517 |r 2017-01-03 |t 1 |v 7402.00 |w 2016-11-29 |y BK | ||